| 000 | 00511nam a2200181Ia 4500 | ||
|---|---|---|---|
| 005 | 20250508154444.0 | ||
| 008 | 008 250505s9999 xx 000 0 hin d | ||
| 037 | _aTextual | ||
| 040 |
_aFEDL _beng _cFEDL |
||
| 041 |
_ahin _2hin |
||
| 084 |
_a491.43107, SHU _qFEDL |
||
| 100 |
_aShur Ramni Kant _9765475 |
||
| 245 | 0 | _aHindi kavita patthan | |
| 260 |
_aCalcutta, India _bOrient Longmans Limited _c1984 |
||
| 300 | _a151p. | ||
| 942 |
_cTEXL _h491.43107, SHU |
||
| 999 |
_c1350352 _d1350352 |
||